| 000 | 01432cam a2200349 i 4500 | ||
|---|---|---|---|
| 001 | 41586 | ||
| 003 | Mx-PuUPA | ||
| 005 | 20250215102618.0 | ||
| 008 | 140415s2019 mx ab gr 000 0 spa d | ||
| 040 |
_aMx-PuUPA _bspa _cMx-PuUPA _dMx-PuUPA _erda |
||
| 041 | 0 | _aspa | |
| 043 |
_2mx-mx-bn _bn-mx-pu |
||
| 100 | 1 |
_aMastretta Guzmán, Sergio, _d1955- _916744 _eautor |
|
| 245 | 1 | 0 |
_aLa trama audi : _bcomponendas de un gobierno autoritario / _cSergio Mastretta Guzmán ; con la colaboración especial de María Eugenia Silva Celma [y otros siete] |
| 264 | 1 |
_aPuebla, Pue. : _bPCCI Editorial, _c[2019] |
|
| 300 |
_a217 páginas : _bilustraciones, mapas ; _c28 cm |
||
| 336 |
_2rdacontent _atexto _btxt |
||
| 337 |
_2rdamedia _asin medio _bn |
||
| 338 |
_2rdacarrier _avolumen _bnc |
||
| 650 | 7 |
_2armarc _aDenuncia de irregularidades _x _zMéxico (Puebla : Estado) |
|
| 650 | 7 |
_2armarc _aCorrupción política _zMéxico |
|
| 650 | 7 |
_2armarc _aDelitos de funcionarios |
|
| 650 | 7 |
_2armarc _aTráfico de influencias _zPuebla-México |
|
| 650 | 7 |
_2armarc _aResponsabilidad administrativa |
|
| 650 | 7 |
_2armarc _aPlanta automotríz AUDI -Puebla _xActos ilícitos |
|
| 700 | 1 |
_aSilva Celma, María Eugenia, _ecolaborador |
|
| 942 |
_2ddc _cLI _h364.1323 _iM34 |
||
| 999 |
_c41586 _d41586 |
||